MARC

LEADER 00000nas a2200000 a 4500
001 ssj0009712
003 WaSeSS
005 20200512172242.0
006 m d
007 cr n
008 990617c19779999ne qr pss 0 a0eng c
010 |a  2007233739 
016 7 |a 2004869-5  |2 DE-600 
016 7 |a 012432606  |2 Uk 
022 |a 1573-076X  |l 0165-005X  |y 0165-005X 
035 |a (WaSeSS)ssj0009712 
037 |b Kluwer Academic Publishers, Spuiboulevard 50, P.O. Box 17, 3300 AA Dordrecht, The Netherlands 
040 |a F#A  |b eng  |e pn  |c F#A  |d OCLCQ  |d MUQ  |d OCLCQ  |d FQM  |d GUA  |d MYG  |d OCLCQ  |d BUF  |d OCLCF  |d OCLCQ  |d Z5A  |d OCLCO  |d WT2  |d RCE  |d OCLCQ  |d NTG  |d OCLCQ  |d OCLCO  |d AU@  |d OCLCO  |d WYU  |d UKMGB  |d U3W  |d OCLCO  |d AUD  |d OCLCA  |d VT2  |d OCLCO  |d DLC  |d SFB  |d OCLCA  |d OCLCQ  |d OCLCA  |d OCLCQ  |d OCLCA  |d CNMTR  |d UEJ  |d WaSeSS 
042 |a pcc 
050 0 0 |a RC455.4.E8 
060 0 0 |a W1  |b CU446 
082 0 4 |a 616.89 
130 0 |a Culture, medicine and psychiatry (Online) 
245 1 0 |a Culture, medicine and psychiatry  |h [electronic resource]. 
260 |a [Dordrecht] :  |b Kluwer Academic Publishers 
260 3 |3 <2009-> :  |a [Dordrecht] :  |b Springer Netherlands 
310 |a Quarterly 
362 1 |a Began with vol. 1, issue 1 (Apr. 1977). 
506 |a License restrictions may limit access. 
588 0 |a Vol. 1, issue 1 (Apr. 1977); title from journal contents page (SpringerLink, viewed Nov. 2, 2009). 
588 1 |a Vol. 43, issue 2 (June 2019) (viewed Aug. 7, 2019). 
650 0 |a Psychiatry, Transcultural  |v Periodicals. 
650 0 |a Social psychiatry  |v Periodicals. 
650 0 |a Medical anthropology  |v Periodicals. 
650 2 |a Anthropology. 
650 2 |a Cross-Cultural Comparison. 
650 2 |a Psychiatry. 
650 2 |a Medicine. 
650 6 |a Ethnopsychiatrie  |v Périodiques. 
650 6 |a Psychiatrie sociale  |v Périodiques. 
650 6 |a Anthropologie médicale  |v Périodiques. 
650 7 |a Medical anthropology.  |2 fast  |0 (OCoLC)fst01013693 
650 7 |a Psychiatry, Transcultural.  |2 fast  |0 (OCoLC)fst01081208 
650 7 |a Social psychiatry.  |2 fast  |0 (OCoLC)fst01122811 
655 0 |a Electronic journals. 
776 0 8 |i Print version:  |t Culture, medicine and psychiatry  |x 0165-005X  |w (DLC) 79642232  |w (OCoLC)3375343 
850 |a DLC 
856 4 0 |z Full text available from Research Library: 03/01/1997 to 1 year ago  |u https://search.proquest.com/publication/36299